000
00256nam a2200097Ia 4500
001
662956
005
20250826160203.0
008
250824s9999 xx 000 0 und d
245
0
_a
Bambaşka Bir Ülke Amerika ya Yolculuk
_c
Gülten Dayıoğlu
260
_b
ALTIN
999
_c
662956
_d
662956